Thomases Who Changed the US Quiz Stats

Quiz Updated Aug 23, 2016

Challenge
Share
Tweet
Embed
Score 0/16 Timer 04:00
2 Plays Today
% Correct
Thomas Edison
96.7%
Thomas Jefferson
96.2%
Tom Hanks
96.1%
Tom Brady
92.6%
Thomas 'Stonewall' Jackson
87.1%
Clarence Thomas
86.5%
Thomas Paine
83.1%
Dave Thomas
82%
% Correct
Thomas Dewey
78.6%
Thomas Kinkade
72.3%
Danny Thomas
67.6%
Tommy Dorsey
62.8%
Tommie Smith
55.6%
Ernest 'Boots' Thomas, Jr.
53.7%
Thomas Hooker
48.5%
Thomas Gage
46.5%

You're not logged in!

Compare scores with friends on all Sporcle quizzes.
Sign Up with Email
OR
Log In

You Might Also Like...

Show Comments

Extras

Top Quizzes Today


Score Distribution

Your Account Isn't Verified!

In order to create a playlist on Sporcle, you need to verify the email address you used during registration. Go to your Sporcle Settings to finish the process.